[Event "RUS-ch Women Rapid 2019"]
[Site "Sochi"]
[Date "2019.10.15"]
[Round "3.7"]
[White "Samigullina, Diana"]
[Black "Chernyak, Viktoria"]
[Result "1-0"]
[WhiteElo "2161"]
[BlackElo "2284"]
[Annotator "NA"]
[PlyCount "123"]
[EventDate "2019.10.15"]
[EventType "swiss"]
[EventCountry "RUS"]
[SourceTitle "playchess.com"]
[Source "ChessBase"]
[SourceQuality "1"]
[TimeControl "900+10"]

1. d4 {[%emt 0:00:00]} d5 {[%emt 0:00:00]} 2. Nf3 {[%emt 0:00:00]} Nf6 {[%emt 0:00:01]} 3. e3 {[%emt 0:00:16]} c5 {[%emt 0:00:41]} 4. c3 {[%emt 0:00:18]} e6 {[%emt 0:00:04]} 5. Bd3 {[%emt 0:00:04]} Nc6 {[%emt 0:00:21]} 6. Nbd2 {[%emt 0:00:12]} c4 {[%emt 0:01:15]} 7. Bc2 {[%emt 0:00:12]} b5 {[%emt 0:00:05]} 8. e4 {[%emt 0:01:38]} Bb7 {[%emt 0:00:31]} 9. O-O {[%emt 0:02:47]} Be7 {[%emt 0:00:56]} 10. Re1 {[%emt 0:00:15]} Qc7 {[%emt 0:00:54]} 11. exd5 {[%emt 0:00:35]} Nxd5 {[%emt 0:01:53]} 12. a4 {[%emt 0:00:18]} b4 {[%emt 0:01:12]} 13. Nxc4 {[%emt 0:01:12]} bxc3 {[%emt 0:00:14]} 14. Nce5 {[%emt 0:02:16]} Bf6 {[%emt 0:05:39]} 15. bxc3 {[%emt 0:01:06]} Nxc3 {[%emt 0:00:01]} 16. Qd2 {[%emt 0:00:28]} Nd5 {[%emt 0:00:05]} 17. Ba3 {[%emt 0:00:20]} Nce7 {[%emt 0:00:39]} 18. Rac1 {[%emt 0:01:19]} Qd8 {[%emt 0:00:37]} 19. Qd3 {[%emt 0:01:03]} Rb8 {[%emt 0:01:10]} 20. Qb5+ {[%emt 0:02:01]} Bc6 {[%emt 0:00:11]} 21. Nxc6 {[%emt 0:00:07]} Rxb5 {[%emt 0:00:02]} 22. Nxd8 {[%emt 0:00:03]} Rb8 {[%emt 0:00:19]} 23. Nxe6 {[%emt 0:00:28]} fxe6 {[%emt 0:00:02]} 24. Rxe6 {[%emt 0:00:05]} Kf7 {[%emt 0:00:02]} 25. Rce1 {[%emt 0:00:11]} Rhc8 {[%emt 0:00:22]} 26. Bxe7 {[%emt 0:00:34]} Nxe7 {[%emt 0:00:12]} 27. Bd3 {[%emt 0:00:31]} Rc3 {[%emt 0:00:19]} 28. Bf1 {[%emt 0:00:12]} Rb2 {[%emt 0:00:32]} 29. Ra6 {[%emt 0:00:15]} Rc7 {[%emt 0:00:58]} 30. Ne5+ {[%emt 0:00:02]} Bxe5 {[%emt 0:00:04]} 31. dxe5 {[%emt 0:00:01]} Nd5 {[%emt 0:00:08]} 32. g3 {[%emt 0:00:23]} Nb4 {[%emt 0:00:03]} 33. Ra5 {[%emt 0:00:21]} Nc2 {[%emt 0:00:27]} 34. Rd1 {[%emt 0:00:04]} Ke7 {[%emt 0:00:10]} 35. Rb5 {[%emt 0:00:38]} Ra2 {[%emt 0:00:01]} 36. a5 {[%emt 0:00:03]} a6 {[%emt 0:00:16]} 37. Rbd5 {[%emt 0:00:37]} Nb4 {[%emt 0:00:01]} 38. Rd6 {[%emt 0:00:11]} Rxa5 {[%emt 0:00:05]} 39. f4 {[%emt 0:00:06]} Ra2 {[%emt 0:00:13]} 40. Bh3 {[%emt 0:00:08]} Rac2 {[%emt 0:00:33]} 41. Rd7+ {[%emt 0:00:02]} Kf8 {[%emt 0:00:03]} 42. Rxc7 Rxc7 {[%emt 0:00:01]} 43. Rd8+ {[%emt 0:00:23]} Ke7 {[%emt 0:00:05]} 44. Rg8 {[%emt 0:00:02]} Kf7 {[%emt 0:00:02]} 45. Rd8 {[%emt 0:00:20]} Nc2 {[%emt 0:00:28]} 46. Rd7+ {[%emt 0:00:10]} Rxd7 {[%emt 0:00:02]} 47. Bxd7 {[%emt 0:00:01]} Ke7 {[%emt 0:00:04]} 48. Ba4 {[%emt 0:00:04]} Nd4 {[%emt 0:00:08]} 49. Kf2 {[%emt 0:00:03]} g6 {[%emt 0:00:13]} 50. g4 {[%emt 0:00:21]} Ne6 {[%emt 0:00:09]} 51. Ke3 {[%emt 0:00:10]} Nc5 {[%emt 0:00:08]} 52. Bc6 {[%emt 0:00:08]} a5 {[%emt 0:00:15]} 53. f5 {[%emt 0:00:10]} gxf5 {[%emt 0:00:08]} 54. gxf5 {[%emt 0:00:01]} a4 {[%emt 0:00:22]} 55. Bd5 {[%emt 0:00:34]} Nd7 {[%emt 0:00:05]} 56. Kf4 {[%emt 0:00:15]} a3 {[%emt 0:00:05]} 57. Ba2 {[%emt 0:00:03]} Nc5 {[%emt 0:00:27]} 58. f6+ {[%emt 0:00:03]} Kf8 {[%emt 0:00:17]} 59. e6 {[%emt 0:00:21]} Nd3+ {[%emt 0:00:15]} 60. Kf5 {[%emt 0:00:11]} Nb4 {[%emt 0:00:03]} 61. e7+ {[%emt 0:00:02]} Ke8 {[%emt 0:00:00]} 62. Ke6 {[%emt 0:00:07]} 1-0

[Event "RUS-ch Women Rapid 2019"]
[Site "Sochi"]
[Date "2019.10.15"]
[Round "3.8"]
[White "Chekmareva, Liya"]
[Black "Shafigullina, Zarina"]
[Result "1/2-1/2"]
[WhiteElo "2023"]
[BlackElo "2295"]
[Annotator "NA"]
[PlyCount "55"]
[EventDate "2019.10.15"]
[EventType "swiss"]
[EventCountry "RUS"]
[SourceTitle "playchess.com"]
[Source "ChessBase"]
[SourceQuality "1"]
[TimeControl "900+10"]

1. e4 c5 2. Nf3 Nc6 3. Bb5 g6 4. O-O Bg7 5. c3 Nf6 6. Re1 O-O 7. h3 a6 8. Bf1 d6 9. d4 Nd7 10. Be3 cxd4 11. cxd4 b5 12. Qd2 Re8 13. Nc3 Bb7 14. Rad1 Rc8 15. Bh6 Bh8 16. h4 Qa5 17. h5 b4 18. Nd5 e6 19. Nf4 b3 20. axb3 Qxd2 21. Nxd2 Nxd4 22. Nc4 Nb5 23. Nxd6 Nxd6 24. Rxd6 Nc5 25. b4 Nxe4 26. Rd7 Bc6 27. Rd3 Bxb2 28. Rde3 1/2-1/2

[Event "RUS-ch Women Rapid 2019"]
[Site "Sochi"]
[Date "2019.10.15"]
[Round "3.9"]
[White "Belkova, Diana"]
[Black "Murashova, Ekaterina"]
[Result "1-0"]
[WhiteElo "2030"]
[BlackElo "2248"]
[Annotator "NA"]
[PlyCount "51"]
[EventDate "2019.10.15"]
[EventType "swiss"]
[EventCountry "RUS"]
[SourceTitle "playchess.com"]
[Source "ChessBase"]
[SourceQuality "1"]
[TimeControl "900+10"]

1. e4 {[%emt 0:00:00]} c5 {[%emt 0:00:00]} 2. Nf3 {[%emt 0:00:10]} g6 {[%emt 0:00:10]} 3. c3 {[%emt 0:00:10]} Bg7 {[%emt 0:00:05]} 4. d4 {[%emt 0:00:01]} cxd4 {[%emt 0:00:03]} 5. cxd4 {[%emt 0:00:01]} d5 {[%emt 0:00:01]} 6. exd5 {[%emt 0:00:22]} Nf6 {[%emt 0:00:25]} 7. Nc3 {[%emt 0:01:00]} Nxd5 {[%emt 0:00:45]} 8. Qb3 {[%emt 0:01:26]} Nb6 {[%emt 0:02:45]} 9. Bb5+ {[%emt 0:02:01]} Bd7 {[%emt 0:00:26]} 10. O-O {[%emt 0:00:03]} O-O {[%emt 0:00:07]} 11. Bg5 {[%emt 0:01:08]} h6 {[%emt 0:03:12]} 12. Bh4 {[%emt 0:00:29]} Bxb5 {[%emt 0:00:22]} 13. Qxb5 {[%emt 0:00:03]} Na6 {[%emt 0:02:50]} 14. Rfe1 {[%emt 0:01:00]} g5 {[%emt 0:00:26]} 15. Bg3 {[%emt 0:00:09]} Nc7 {[%emt 0:00:14]} 16. Qb3 {[%emt 0:00:02]} e6 {[%emt 0:00:33]} 17. Be5 {[%emt 0:02:06]} Ncd5 {[%emt 0:00:57]} 18. Ne4 {[%emt 0:00:46]} g4 {[%emt 0:03:01]} 19. Bxg7 {[%emt 0:00:21]} Kxg7 {[%emt 0:00:14]} 20. Ne5 {[%emt 0:00:23]} f6 {[%emt 0:00:16]} 21. Nxg4 {[%emt 0:00:03]} f5 {[%emt 0:00:03]} 22. Nc5 {[%emt 0:00:02]} Nf4 {[%emt 0:00:25]} 23. Ne5 {[%emt 0:02:32]} Qxd4 {[%emt 0:00:04]} 24. Qg3+ {[%emt 0:01:33]} Kh8 {[%emt 0:00:39]} 25. Nb3 {[%emt 0:00:21]} Nh5 {[%emt 0:00:47]} 26. Ng6+ {[%emt 0:01:23]} 1-0

[Event "RUS-ch Women Rapid 2019"]
[Site "Sochi"]
[Date "2019.10.15"]
[Round "3.10"]
[White "Pogonina, Natalija"]
[Black "Gubernatorova, Lyudmila"]
[Result "1-0"]
[WhiteElo "2501"]
[BlackElo "2200"]
[Annotator "ChessBase"]
[PlyCount "97"]
[EventDate "2019.10.15"]
[EventType "swiss"]
[EventCountry "RUS"]
[SourceTitle "playchess.com"]
[Source "ChessBase"]
[SourceQuality "1"]
[TimeControl "900+10"]

1. d4 {[%emt 0:00:00]} Nf6 {[%emt 0:00:00]} 2. g3 {[%emt 0:00:00]} c5 {[%emt 0:00:00]} 3. d5 {[%emt 0:00:02]} e6 {[%emt 0:00:01]} 4. Nc3 {[%emt 0:00:27]} exd5 {[%emt 0:01:11]} 5. Nxd5 {[%emt 0:00:03]} Nxd5 {[%emt 0:00:05]} 6. Qxd5 {[%emt 0:00:02]} Nc6 {[%emt 0:00:02]} 7. c3 {[%emt 0:01:30]} Be7 {[%emt 0:00:21]} 8. Nf3 {[%emt 0:00:18]} d6 {[%emt 0:00:34]} 9. Bg2 {[%emt 0:00:20]} O-O {[%emt 0:00:23]} 10. O-O {[%emt 0:00:14]} Be6 {[%emt 0:00:00]} 11. Qh5 {[%emt 0:00:52]} d5 {[%emt 0:00:28]} 12. Rd1 {[%emt 0:01:39]} Qb6 {[%emt 0:00:28]} 13. b3 {[%emt 0:00:56]} Rad8 {[%emt 0:00:06]} 14. Ng5 {[%emt 0:00:12]} Bxg5 {[%emt 0:00:28]} 15. Bxg5 {[%emt 0:00:02]} f6 {[%emt 0:00:08]} 16. Bf4 {[%emt 0:00:33]} d4 {[%emt 0:00:14]} 17. Bd2 {[%emt 0:01:30]} Bf7 {[%emt 0:01:04]} 18. Qh4 {[%emt 0:00:16]} Bg6 {[%emt 0:00:35]} 19. c4 {[%emt 0:00:28]} Rfe8 {[%emt 0:00:10]} 20. e4 {[%emt 0:00:40]} a5 {[%emt 0:01:00]} 21. Rab1 {[%emt 0:00:18]} Rd7 {[%emt 0:01:23]} 22. Re1 {[%emt 0:00:44]} Rde7 {[%emt 0:00:06]} 23. Qg4 {[%emt 0:00:22]} Ne5 {[%emt 0:00:14]} 24. Qe2 {[%emt 0:00:10]} Nc6 {[%emt 0:00:16]} 25. Qd3 {[%emt 0:01:40]} Ne5 {[%emt 0:00:22]} 26. Qc2 {[%emt 0:00:19]} Nc6 {[%emt 0:00:13]} 27. a3 {[%emt 0:00:12]} Qc7 {[%emt 0:00:27]} 28. f4 {[%emt 0:00:28]} Qd7 {[%emt 0:00:23]} 29. Qd3 {[%emt 0:00:06]} Kh8 {[%emt 0:00:18]} 30. h3 {[%emt 0:00:09]} h6 {[%emt 0:00:32]} 31. g4 {[%emt 0:00:23]} Qc7 {[%emt 0:00:32]} 32. Re2 {[%emt 0:00:28]} Bh7 {[%emt 0:00:25]} 33. Rbe1 {[%emt 0:00:16]} g5 {[%emt 0:01:06]} 34. Rf1 {[%emt 0:00:08]} gxf4 {[%emt 0:02:25]} 35. Bxf4 {[%emt 0:00:03]} Ne5 {[%emt 0:00:05]} 36. Qg3 {[%emt 0:00:11]} Rg8 {[%emt 0:00:14]} 37. Bxh6 {[%emt 0:00:35]} Qd7 {[%emt 0:00:49]} 38. Ref2 {[%emt 0:00:49]} d3 {[%emt 0:00:26]} 39. Be3 {[%emt 0:00:27]} b6 {[%emt 0:00:16]} 40. Rxf6 {[%emt 0:00:23]} a4 {[%emt 0:00:34]} 41. Rxb6 {[%emt 0:00:35]} axb3 {[%emt 0:00:29]} 42. Bxc5 {[%emt 0:00:22]} Nxc4 {[%emt 0:00:28]} 43. Rxb3 {[%emt 0:00:43]} d2 {[%emt 0:00:39]} 44. Rd3 {[%emt 0:00:41]} Qc7 {[%emt 0:00:28]} 45. Bxe7 {[%emt 0:00:52]} Qxe7 {[%emt 0:00:09]} 46. Rd4 {[%emt 0:00:11]} Qc5 {[%emt 0:00:13]} 47. Qf2 {[%emt 0:00:02]} Rb8 {[%emt 0:00:16]} 48. Kh1 {[%emt 0:00:13]} Qc7 {[%emt 0:00:19]} 49. Qf6+ {[%emt 0:00:13]} 1-0

[Event "RUS-ch Women Rapid 2019"]
[Site "Sochi"]
[Date "2019.10.15"]
[Round "3.11"]
[White "Lysenko, Maria"]
[Black "Vasilevich, Tatjana"]
[Result "1-0"]
[WhiteElo "1986"]
[BlackElo "2265"]
[Annotator "NA"]
[PlyCount "61"]
[EventDate "2019.10.15"]
[EventType "swiss"]
[EventCountry "RUS"]
[SourceTitle "playchess.com"]
[Source "ChessBase"]
[SourceQuality "1"]
[TimeControl "900+10"]

1. Nf3 {[%emt 0:00:00]} Nf6 {[%emt 0:00:02]} 2. c4 {[%emt 0:00:00]} e6 {[%emt 0:00:15]} 3. Nc3 {[%emt 0:00:00]} d5 {[%emt 0:00:02]} 4. d4 {[%emt 0:00:01]} Bb4 {[%emt 0:00:06]} 5. Qa4+ {[%emt 0:00:35]} Nc6 {[%emt 0:00:03]} 6. Ne5 {[%emt 0:00:06]} Bd7 {[%emt 0:00:08]} 7. Nxc6 {[%emt 0:01:34]} Bxc3+ {[%emt 0:00:04]} 8. bxc3 {[%emt 0:00:01]} Bxc6 {[%emt 0:00:12]} 9. Qb3 {[%emt 0:00:49]} O-O {[%emt 0:02:56]} 10. Bg5 {[%emt 0:02:13]} dxc4 {[%emt 0:06:25]} 11. Qxc4 {[%emt 0:00:02]} Qd5 {[%emt 0:00:20]} 12. Qxd5 {[%emt 0:00:11]} Nxd5 {[%emt 0:00:03]} 13. Bd2 {[%emt 0:00:06]} b5 {[%emt 0:00:59]} 14. e4 {[%emt 0:00:21]} Nb6 {[%emt 0:00:05]} 15. f3 {[%emt 0:00:09]} f5 {[%emt 0:00:34]} 16. exf5 {[%emt 0:01:13]} exf5 {[%emt 0:00:44]} 17. Kf2 {[%emt 0:00:16]} g6 {[%emt 0:01:53]} 18. Bd3 {[%emt 0:00:08]} Rfe8 {[%emt 0:00:05]} 19. Rhe1 {[%emt 0:00:03]} a6 {[%emt 0:00:30]} 20. Rxe8+ {[%emt 0:00:13]} Rxe8 {[%emt 0:00:01]} 21. Re1 {[%emt 0:00:06]} Kf7 {[%emt 0:00:17]} 22. Rxe8 {[%emt 0:00:06]} Kxe8 {[%emt 0:00:02]} 23. Ke3 {[%emt 0:00:33]} Ke7 {[%emt 0:00:42]} 24. Kf2 {[%emt 0:01:48]} Bd5 {[%emt 0:00:18]} 25. a3 {[%emt 0:00:13]} Bc4 {[%emt 0:00:22]} 26. Bc2 {[%emt 0:00:44]} Ke6 {[%emt 0:00:53]} 27. Ke3 {[%emt 0:00:37]} Nd5+ {[%emt 0:00:04]} 28. Kf2 {[%emt 0:00:07]} a5 {[%emt 0:00:28]} 29. g4 {[%emt 0:00:44]} fxg4 {[%emt 0:00:37]} 30. fxg4 {[%emt 0:00:02]} Nb6 {[%emt 0:00:37]} 31. Ke3 1-0

[Event "RUS-ch Women Rapid 2019"]
[Site "Sochi"]
[Date "2019.10.15"]
[Round "3.12"]
[White "Gritsayeva, Oksana"]
[Black "Borisova, Ekaterina"]
[Result "1/2-1/2"]
[WhiteElo "2260"]
[BlackElo "2347"]
[Annotator "TA"]
[PlyCount "144"]
[EventDate "2019.10.15"]
[EventType "swiss"]
[EventCountry "RUS"]
[SourceTitle "playchess.com"]
[Source "ChessBase"]
[SourceQuality "1"]

{[%evp 11,144,1,14,1,2,2,17,2,2,2,11,0,12,3,24,-14,-16,-14,-12,-37,0,0,0,0,28,30,31,25,21,34,23,-37,-31,-90,-90,-90,-90,-90,-95,-87,-94,-125,-106,-124,-128,-124,-118,-119,-80,-87,-87,-81,-75,-75,-75,-75,-60,-60,-60,-60,-60,-60,-60,-60,-60,-60,-60,-60,-60,-60,-60,-62,-67,-68,-68,-68,-67,-68,0,0,0,0,0,0,0,0,0,0,0,0,0,0,0,0,0,0,0,0,0,-8,0,0,0,0,0,-8,0,0,0,0,0,0,0,0,0,0,0,0,0,0,0,0,0,0,29978,0,0,0,0,0,0,0,0,0,0]} 1. e4 c5 2. Nf3 d6 3. Bb5+ Nd7 4. d4 cxd4 5. Qxd4 a6 6. Bxd7+ Bxd7 7. c4 {B51: Sicilian: Moscow Variation (3 Bb5+) without 3...Bd7} (7. Bg5 h6 8. Bh4 Qa5+ 9. Nc3 e5 10. Qd3 g5 11. Bg3 Nf6 12. h4 g4 13. Nd2 Rc8 14. h5 Be6 {0-1 (23) Duda,J (2729)-Vachier Lagrave,M (2775) Paris 2019}) 7... e5 8. Qd3 b5 9. Nc3 {[%cal Rc4b5]} bxc4 10. Qxc4 h6 11. O-O Nf6 12. Rd1 (12. Qd3 {seems wilder.} Be7 13. Be3 Be6 14. Nd2 O-O 15. Nc4) 12... Be7 13. Nd5 Nxd5 14. Qxd5 Rc8 15. Be3 $146 ({Predecessor:} 15. Qb7 Bb5 16. b3 Be2 {0-1 (53) Cosentino,A (1975)-Weber,K (2348) ICCF email 2015}) 15... Bc6 16. Qc4 {aiming for Nxe5!} Bb5 $36 {[%mdl 2048] Black has some pressure.} 17. Qb3 Qa5 (17... Bc4 {is more complex.} 18. Qa4+ Bb5 19. Qb3) 18. a4 Bc6 19. Nd2 {Bb6 is the strong threat.} Qc7 20. Rac1 O-O 21. f3 (21. Nc4 $11 Qb8 22. Qxb8 Rxb8 23. Nxe5 Bxa4 24. Nc6 Bxc6 25. Rxc6) 21... Qd7 $15 22. Qd3 (22. Ra1 $1 $15) 22... Bxa4 $17 23. b3 Rxc1 24. Rxc1 Bb5 25. Nc4 Qe6 26. Qd2 Rc8 27. Qd3 {[#]} a5 $1 {[%mdl 512] And now ...a4 would win.} 28. Qd2 (28. Nxa5 Rxc1+) 28... Bxc4 29. bxc4 Rxc4 30. Rxc4 Qxc4 31. Qxa5 Qe2 (31... Kh7 {keeps more tension.} 32. h3 Qb3 33. Qa7 Bh4 34. Bf2 Qd1+) 32. Qd2 Qxd2 33. Bxd2 {[%mdl 4096] Endgame KB-KB} Bg5 34. Bb4 Be3+ 35. Kf1 Bc5 36. Bc3 Kf8 37. Ke2 Ke7 38. Kd3 Ke6 39. Kc4 Bg1 40. h3 Bh2 41. Bb4 Bg3 42. Ba3 g6 43. Bb4 f5 44. Bd2 f4 (44... h5 $15) 45. Bb4 $11 Bh4 46. Ba3 Be7 47. Bb2 Bd8 48. Ba3 Bb6 49. Bb4 Be3 50. Ba3 Bd4 51. Bb4 Bb2 52. Kb3 Bc1 53. Kc4 h5 54. Bc3 Ba3 55. Ba1 g5 56. Bc3 {[#]} g4 $1 {[%mdl 512]} 57. hxg4 (57. fxg4 hxg4) 57... hxg4 58. Be1 g3 59. Ba5 Bb2 60. Bb4 Bc1 61. Ba5 Ba3 62. Bc3 Bc5 63. Ba5 Ba3 64. Bb6 Bc1 65. Ba5 Be3 66. Bb4 Bb6 67. Kb5 d5 $2 {[%mdl 8192]} (67... Bg1 $11 68. Kc6 Bf2) 68. exd5+ $2 (68. Kxb6 {mates} dxe4 69. fxe4 Kf6 70. Kc6 f3 71. gxf3 g2 72. Bc5 Kg5 73. Bg1) 68... Kxd5 {The position is equal.} 69. Kxb6 e4 70. fxe4+ Ke5 71. Kc6 Kxe4 72. Bd6 f3 {Accuracy: White = 57%, Black = 71%.} 1/2-1/2

[Event "RUS-ch Women Rapid 2019"]
[Site "Sochi"]
[Date "2019.10.15"]
[Round "4.1"]
[White "Kovanova, Baira"]
[Black "Sukhareva, Evgeniya"]
[Result "0-1"]
[WhiteElo "2288"]
[BlackElo "2122"]
[Annotator "NA"]
[PlyCount "176"]
[EventDate "2019.10.15"]
[EventType "swiss"]
[EventCountry "RUS"]
[SourceTitle "playchess.com"]
[Source "ChessBase"]
[SourceQuality "1"]
[TimeControl "900+10"]

1. Nf3 {[%emt 0:00:00]} Nf6 {[%emt 0:00:00]} 2. c4 {[%emt 0:00:00]} e6 {[%emt 0:00:02]} 3. e3 {[%emt 0:00:00]} b6 {[%emt 0:00:30]} 4. b3 {[%emt 0:00:00]} Bb7 {[%emt 0:00:09]} 5. Bb2 {[%emt 0:00:01]} Be7 {[%emt 0:00:17]} 6. Nc3 {[%emt 0:00:04]} O-O {[%emt 0:00:04]} 7. Be2 {[%emt 0:00:03]} c5 {[%emt 0:00:15]} 8. O-O {[%emt 0:00:13]} d6 {[%emt 0:00:02]} 9. Qc2 {[%emt 0:00:12]} Nbd7 {[%emt 0:00:26]} 10. Rad1 {[%emt 0:00:30]} a6 {[%emt 0:00:04]} 11. d4 {[%emt 0:00:27]} Qc7 {[%emt 0:00:03]} 12. d5 {[%emt 0:00:53]} exd5 {[%emt 0:01:03]} 13. cxd5 {[%emt 0:03:16]} b5 {[%emt 0:00:18]} 14. e4 {[%emt 0:00:03]} Rfe8 {[%emt 0:00:22]} 15. a4 {[%emt 0:00:47]} b4 {[%emt 0:03:57]} 16. Nb1 {[%emt 0:00:02]} Bf8 {[%emt 0:00:37]} 17. Bd3 {[%emt 0:00:04]} g6 {[%emt 0:00:35]} 18. Nbd2 {[%emt 0:00:18]} Bg7 {[%emt 0:00:09]} 19. Nc4 {[%emt 0:00:40]} Ng4 {[%emt 0:00:42]} 20. Bxg7 {[%emt 0:01:47]} Kxg7 {[%emt 0:00:01]} 21. Ncd2 {[%emt 0:02:02]} Kg8 {[%emt 0:00:35]} 22. h3 {[%emt 0:00:48]} Ngf6 {[%emt 0:00:45]} 23. Rfe1 {[%emt 0:01:01]} Nh5 {[%emt 0:00:12]} 24. Bf1 {[%emt 0:00:35]} f6 {[%emt 0:04:41]} 25. Nc4 {[%emt 0:00:53]} Ne5 {[%emt 0:00:14]} 26. Nfd2 {[%emt 0:01:33]} Rad8 {[%emt 0:00:12]} 27. a5 {[%emt 0:00:21]} Qg7 {[%emt 0:01:10]} 28. g3 {[%emt 0:00:49]} Qh6 {[%emt 0:00:31]} 29. Ne3 {[%emt 0:00:39]} Bc8 {[%emt 0:00:54]} 30. Bg2 {[%emt 0:00:09]} Kh8 {[%emt 0:00:34]} 31. f4 {[%emt 0:00:44]} Nf7 {[%emt 0:00:03]} 32. Ndf1 {[%emt 0:00:15]} g5 {[%emt 0:00:07]} 33. Ng4 {[%emt 0:00:35]} Qg7 {[%emt 0:00:01]} 34. f5 {[%emt 0:00:07]} Ne5 {[%emt 0:00:07]} 35. Qf2 {[%emt 0:00:38]} Qe7 {[%emt 0:00:27]} 36. Nfe3 {[%emt 0:00:04]} Bd7 {[%emt 0:00:06]} 37. Bf1 {[%emt 0:00:12]} Ra8 {[%emt 0:00:09]} 38. Nxe5 {[%emt 0:00:03]} Qxe5 {[%emt 0:00:11]} 39. Nc4 {[%emt 0:00:10]} Qe7 {[%emt 0:00:03]} 40. Be2 {[%emt 0:00:04]} Ng7 {[%emt 0:00:04]} 41. Bf3 {[%emt 0:00:03]} Rg8 {[%emt 0:00:24]} 42. g4 {[%emt 0:00:04]} Ne8 {[%emt 0:00:03]} 43. Kg2 {[%emt 0:00:21]} Nc7 {[%emt 0:00:02]} 44. Rh1 {[%emt 0:00:08]} Nb5 {[%emt 0:00:10]} 45. h4 {[%emt 0:00:04]} Nd4 {[%emt 0:00:08]} 46. Rxd4 {[%emt 0:00:06]} cxd4 {[%emt 0:00:01]} 47. Qxd4 {[%emt 0:00:01]} Bb5 {[%emt 0:00:21]} 48. Nb6 {[%emt 0:00:21]} Rab8 {[%emt 0:00:29]} 49. hxg5 {[%emt 0:00:31]} Rxg5 {[%emt 0:00:02]} 50. Rc1 {[%emt 0:00:01]} Rgg8 {[%emt 0:00:07]} 51. Qxb4 {[%emt 0:00:07]} Qe5 {[%emt 0:00:24]} 52. Qc3 {[%emt 0:00:02]} Qe7 {[%emt 0:00:20]} 53. Rh1 {[%emt 0:00:16]} Rg7 {[%emt 0:00:04]} 54. b4 {[%emt 0:00:04]} Rbg8 {[%emt 0:00:03]} 55. Kf2 {[%emt 0:00:17]} Qd8 {[%emt 0:00:20]} 56. Rc1 {[%emt 0:00:14]} Qe7 {[%emt 0:00:23]} 57. Qd4 {[%emt 0:00:02]} Rg5 {[%emt 0:00:13]} 58. Nc8 {[%emt 0:00:30]} Qd8 {[%emt 0:00:09]} 59. Na7 {[%emt 0:00:08]} Qf8 {[%emt 0:00:07]} 60. Rh1 {[%emt 0:00:06]} Bd7 {[%emt 0:00:13]} 61. Nc6 {[%emt 0:00:03]} Qg7 {[%emt 0:00:06]} 62. Be2 {[%emt 0:00:08]} Bc8 {[%emt 0:00:02]} 63. Bf3 {[%emt 0:00:14]} Rf8 {[%emt 0:00:09]} 64. Be2 {[%emt 0:00:02]} Qb7 {[%emt 0:00:05]} 65. Rh6 {[%emt 0:00:09]} Qg7 {[%emt 0:00:06]} 66. Rh4 {[%emt 0:00:01]} Qb7 {[%emt 0:00:10]} 67. Qe3 {[%emt 0:00:13]} Qg7 {[%emt 0:00:09]} 68. Qd4 {[%emt 0:00:02]} Bd7 {[%emt 0:00:14]} 69. Qb6 {[%emt 0:00:44]} Re8 {[%emt 0:00:12]} 70. Bf3 {[%emt 0:00:11]} Bxc6 {[%emt 0:00:19]} 71. dxc6 {[%emt 0:00:02]} Qe7 {[%emt 0:00:09]} 72. Qd4 {[%emt 0:00:11]} Rg7 {[%emt 0:00:15]} 73. Rh6 {[%emt 0:00:05]} Rf8 {[%emt 0:00:08]} 74. c7 {[%emt 0:00:20]} Rgf7 {[%emt 0:00:16]} 75. g5 {[%emt 0:00:17]} Qxc7 {[%emt 0:00:02]} 76. g6 {[%emt 0:00:12]} Qc2+ {[%emt 0:00:15]} 77. Be2 {[%emt 0:00:02]} Rd7 {[%emt 0:00:08]} 78. gxh7 {[%emt 0:00:08]} Rdf7 {[%emt 0:00:10]} 79. b5 {[%emt 0:00:13]} axb5 {[%emt 0:00:09]} 80. a6 {[%emt 0:00:00]} Qc1 {[%emt 0:00:10]} 81. Rh4 {[%emt 0:00:21]} Qa3 {[%emt 0:00:14]} 82. Bxb5 {[%emt 0:00:11]} Rg7 {[%emt 0:00:06]} 83. Bd3 {[%emt 0:00:10]} Qc1 {[%emt 0:00:12]} 84. Bf1 {[%emt 0:00:14]} Qg5 {[%emt 0:00:02]} 85. Rh1 {[%emt 0:00:11]} Qf4+ {[%emt 0:00:04]} 86. Ke1 {[%emt 0:00:10]} Re8 {[%emt 0:00:07]} 87. Bd3 {[%emt 0:00:02]} Qg3+ {[%emt 0:00:05]} 88. Qf2 {[%emt 0:00:09]} Qxd3 {[%emt 0:00:03]} 0-1